000 01907nam a2200433 c 4500
001 21478
003 ES-MaCES
005 20141221122728.0
008 080922s2008 sp d t o000 | spa d
017 _aM 1110-2008
_bDL
020 _a9788445130744 (erróneo)
035 _aCES20080009223m
040 _aES-MaCES
_bspa
_cES-MaCES
245 0 3 _aLa situación de la seguridad y la salud en el trabajo en la Comunidad de Madrid en 2006
250 _a1ª ed
260 _aMadrid
_bConsejo Económico y Social, Comunidad de Madrid
_c[2008]
300 _a219 p.
_c28 cm
_e1 CD-ROM
500 _aAnexo estadístico: p. 55-219
500 _aTít. del CD-ROM: Informe sobre la situación de la seguridad y la salud en el trabajo en la Comunidad de Madrid en 2006 y estadística de accidentes de trabajo en la Comunidad de Madrid 1995-2006
541 _cGratuito
650 4 _aseguridad en el trabajo
_928348
650 4 _asalud en el trabajo
_928347
650 4 _aaccidente de trabajo
_928345
650 4 _aenfermedad profesional
_928346
650 4 _anegociación colectiva
_928362
650 4 _aMadrid (Comunidad Autónoma)
_930777
650 4 _a2006
_931838
650 4 _a1995-2006
_931869
650 4 _acuadros estadísticos
_928890
650 4 _aCD ROM
_930331
653 1 0 _aSalud
710 2 _aConsejo Económico y Social (Madrid)
_eed.
_92424
740 0 2 _aInforme sobre la situación de la seguridad y la salud en el trabajo en la Comunidad de Madrid en 2006 y estadística de accidentes de trabajo en la Comunidad de Madrid 1995-2006
787 0 _tLa situación de la seguridad y la salud en el trabajo en la Comunidad de Madrid en 2007
_w(ES-MaCES)21905
787 0 _tLa situación de la seguridad y la salud en el trabajo en la Comunidad de Madrid en 2005
_w(ES-MaCES)20132
902 _aLIB Libro
942 _2CES
_cBK
_h3.1.
999 _c21478
_d21478